000 00945cam a22002891a 4500
001 agr63000413
003 DLC
005 20260227111022.0
008 781202s1963 dcu b f000 0 eng c
010 _aagr63000413
035 _a(OCoLC)4414502
040 _aU.S. Nat'l Agr. Libr.
_cGStG
_dDNAL
_dDLC
042 _apremarc
043 _an-us---
050 0 0 _aHD1751
_b.A91854 no. 40
070 0 _aA281.9
_bAg8A no.40
072 0 _aC100
100 1 _aCowhig, James D.
_q(James Daniel),
_d1925-
245 1 0 _aAge-grade school progress of farm and nonfarm youth, 1960 /
_c[James D. Cowhig].
260 _aWashington :
_bEconomic Research Service, U.S. Dept. of Agriculture,
_c1963.
300 _aiv, 22 p. ;
_c26 cm.
440 0 _aAgricultural economic report ;
_vno. 40
500 _aCover title.
504 _aIncludes bibliographical references.
650 0 _aEducation
_zUnited States
_vStatistics.
650 0 _aYouth
_zUnited States.
999 _c11901
_d11901